States of Germany: Fill-In Map - Statistics

General Stats
  • This quiz has been taken 25 times
  • The average score is 15 of 16
Answers on the Map
Answers color-coded by a green-red scale on the quiz's map according to % correct below.
 
Answer Stats
Answer % Correct
Baden-Württemberg
100%
Bavaria
100%
Berlin
100%
Hamburg
100%
Saxony
100%
Brandenburg
95%
Bremen
95%
Saxony-Anhalt
95%
Schleswig-Holstein
95%
Hesse
90%
Mecklenburg-Vorpommern
90%
North Rhine-Westphalia
90%
Rhineland Palatinate
90%
Lower Saxony
85%
Saarland
85%
Thuringia
85%
No matching quizzes found
Score Distribution
Percent of People with Each Score
Percentile by Number Answered
Your Score History
You have not taken this quiz